1524 1801 1914 1104 1211 1086 1682 1994 1473 1624 1714 1657 1962 1498 1617 1934 1600 1019 1790 1033 1850 1518 1145 1505 1178 1815 1266 1414 1834 1853 1664 1592 1521 1778 1736 1312 1932 1117 1341 1696 1751 1411 1982 1244 1738 1266 1885 1665 1470 1717 1255 1792 1860 1263 1531 1720 1470 1298 1957 1268 1640 1094 1392 1930 1203 1067 1676 1644 1768 1736 1868 1580 1586 1790 1420 1236 1592 1584 1091 1846 1160 1752 1773 1372 1304 1839 1563 1509 1295 1692 1357 1776 1259 1933 1875 1645 1693 1872 1793 BCNSPRNW ULIB Ver.6.0+V

เปลี่ยนเป็นภาษาไทย

Change to English
 แสดงรายละเอียดบรรณานุกรม
  กลับหน้าหลัก

Brief Record : Get Marc (ISO 2709) : E-mail record : QR code < ปิดหน้าต่าง
LEADER : 00000nam 2200000uu 4500
001    13399109144
003     ULIB
008    110323s2553||||th 000 0 tha d
020    9789744140586
041 1  tha^heng
050  4 PN4129.T5^bพ799พ 2553
100 1  พีล, มัลคอล์ม
245 10 พูดโดนใจใน 7 วัน =^bPresentation in a week /^cผู้เขียนMalcolm Peel ; แปลและเรียบเรียงโดย จินดารัตน์ บวรบริหาร
246 31 Presentation in a week
250    พิมพ์ครั้งที่ 2
260    กรุงเทพฯ :^bบิสคิต,^c2553
300    135 หน้า :^bภาพประกอบ ;^c21 ซม.
650  7 การพูด
650  7 การพูดในชุมนุมชน
650  7 วาทศิลป์
700 0  จินดารัตน์ บวรบริหาร,^eผู้แปล
945    ^p220^l0^i029936
945    ^p220^l0^i029935
995    เกษร
999 ^a ใช้งานได้ทุกระบบ
รายการนี้ยังไม่มีแท็ก
คุณยังไม่ได้ล็อกอิน คุณสามารถมีกิจกรรมร่วมกับเว็บไซต์ได้ แต่ต้องล็อกอินก่อน ::
  ล็อกอิน

รายการสื่อสารสนเทศ

ลำดับที่ ประเภท เลขเรียก/บาร์โค้ด สถานที่ สถานะ
- ไม่พบข้อมูล -

รายการใกล้เคียง
    ผู้แต่ง [พีล, มัลคอล์ม]

    หัวเรื่อง [การพูด]
    หัวเรื่อง [การพูดในชุมนุมชน]
    หัวเรื่อง [วาทศิลป์]

BibComment


ยังไม่เคยถูกคอมเมนท์

คอมเมนท์ทรัพยากรรายการนี้
  คอมเมนท์: พูดโดนใจใน 7 วัน ..


 Copyright 2026. Bcnsprnw @Library